Modelovanie elektrickej aktivity srdca

Gespeichert in:
Bibliographische Detailangaben
1. Verfasser: Bošković, Lazar (Verfasst von)
Weitere Verfasser: Cocherová, Elena (Betreuung Doktorarbeit)
Format: Manuskript Buch
Sprache:Slowakisch
Veröffentlicht: Bratislava : STU v Bratislave FEI, 2021
Schlagworte:
Online-Zugang:https://opac.crzp.sk/?fn=detailBiblioForm&sid=38F43C5054BC4F7F2CBFC6F31F28&seo=CRZP-detail-kniha
Tags: Tag hinzufügen
Keine Tags, Fügen Sie das erste Tag hinzu!

MARC

LEADER 00000ntm a22000003a 4500
001 stuzp82731
003 SK-STU
005 20210817123649.6
007 ta
008 150427s2015----xo-----f-mn---000-0-slo-d
040 |a STU  |b slo 
041 0 |a slo 
044 |a xo 
100 1 |a Bošković, Lazar  |u 033000  |4 aut  |U FEI Fakulta elektrotechniky a informatiky  |U FEI Fakulta elektrotechniky a informatiky  |T FEI Ústav elektroniky a fotoniky  |X 88277  |U E030  |Y 549  |7 88277 
242 0 1 |a Modeling of Electrical Activity of the Heart  |y eng 
245 1 0 |a Modelovanie elektrickej aktivity srdca 
260 |a Bratislava : 
260 |b STU v Bratislave FEI, 
260 |c 2021 
300 |a 48 s. 
650 4 |a Fitzhugh-Nagumov model  |2 slo 
650 4 |a srdcové tkanivo  |2 slo 
650 4 |a COMSOL Multiphysics  |2 slo 
650 4 |a akčný potenciál  |2 slo 
650 4 |a monodoménový model  |2 slo 
650 4 |a ischémia  |2 slo 
650 4 |a COMSOL Multiphysics  |2 eng 
650 4 |a action potential  |2 eng 
650 4 |a monodomain model  |2 eng 
650 4 |a ischemia  |2 eng 
650 4 |a heart tissue  |2 eng 
650 4 |a FitzHugh–Nagumo model  |2 eng 
700 1 |a Cocherová, Elena  |u 033000  |k Z1  |4 ths  |U FEI Fakulta elektrotechniky a informatiky  |U FEI Fakulta elektrotechniky a informatiky  |T FEI Ústav elektroniky a fotoniky  |X 1900  |U E030  |Y 549  |7 A000001900 
856 4 |u https://opac.crzp.sk/?fn=detailBiblioForm&sid=38F43C5054BC4F7F2CBFC6F31F28&seo=CRZP-detail-kniha